000 00282nam a2200121Ia 4500
008 220204s9999 xx 000 0 und d
082 _a929A/Z(MAR)
_bJOS
100 _aDamodaran, K
245 0 _aMarx comes to India
260 _aDelhi
_bManohar
_c1975
700 _aP C
942 _cBK
999 _c27734
_d27734